000 00769nam a2200241 i 4500
001 bgj
003 BPK
005 20230711103203.0
008 s2001 gw g |000 f ger d
020 _a3423004002
040 _cBPK
041 0 _ager
080 _a821.112.2-3
100 1 _aBöll, Heinrich
_d(1917-1985)
_eAutor
245 1 0 _aAnsichten eines Clowns :
_bRoman : Mit einen Nachwort des Autors /
_cHeinrich Böll.
260 _aMünchen :
_bDeutscher Taschenbuch Verlag,
_c2001.
300 _a281, [1] S. ;
_c19 cm.
490 1 _aDTV ;
_v400
655 4 _aPowieść niemiecka
_y20 w.
830 _aDTV ;
_v400
942 _cKS
_2UKD
856 _uhttp://koha.tu.koszalin.pl/cgi-bin/koha/opac-detail.pl?biblionumber=49537
_yKatalog online BPK
999 _c49537
_d49537